| 000 | 00866nam a22002055i 4500 | ||
|---|---|---|---|
| 001 | 171545 | ||
| 003 | ES-MaACL | ||
| 005 | 20230906214647.0 | ||
| 008 | 090519s1968 sp |||| | spa d | ||
| 080 | _a312(465.23)"1860/1960" | ||
| 100 | 1 |
_aSolans Castro, Manuela. _9140234 |
|
| 245 | 1 | 0 |
_aEvolución de la población de Teruel entre 1860 y 1960 _b: estudio demográfico / _cManuel Solans Castro. |
| 260 |
_aTeruel : _bInstituto de Geografía Aplicada del Patronato "Alonso de Herrera" del C. S. I. C, _c1968. |
||
| 300 |
_a220 p., 3 lám., 19 map. ; _c24 cm. |
||
| 594 | _aPrecede al tít.: Instituto de Estudios Turolenses de la Excma. Diputación Provincial de Teruel. | ||
| 651 | 4 |
_aTeruel(Provincia)- _xPoblación- _vHistoria. _9234199 |
|
| 710 | 2 |
_aInstituto de Estudios Turolenses. _94937 |
|
| 852 |
_aES-MaACL _jC-34351 _9R.65392 |
||
| 999 |
_c171545 _d171545 |
||